000 00295nam a2200121Ia 4500
008 190216s9999||||xx |||||||||||||| ||und||
100 _aJain G C
245 0 _aPopular Radio Circuits Vol 10
260 _bBusiness Promotion Bureau
_c1975
300 _a75p
650 _aReferences
942 _cREF
999 _c35539
_d35539